Profil slovenského výtvarného umenia /

Enregistré dans:
Détails bibliographiques
Auteur principal: Wagner, Vladimír (Auteur)
Format: Livre
Langue:slovaque
Publié: Turčiansky Sv. Martin : Matica slovenská, 1935
Édition:1. vydanie
Sujets:
Tags: Ajouter un tag
Pas de tags, Soyez le premier à ajouter un tag!

MARC

LEADER 00000nam a22000003a 4500
001 0066365
003 SK-STU
005 20190401120934.0
007 ta
008 180719s ----xo-----e------000-0-----d
040 |a STU  |b slo 
041 0 |a slo 
044 |a xo 
100 1 |a Wagner, Vladimír  |4 aut 
245 1 0 |a Profil slovenského výtvarného umenia /  |c aut. Vladimír Wagner 
250 |a 1. vydanie 
260 |a Turčiansky Sv. Martin :  |b Matica slovenská,  |c 1935 
300 |a 135 s. 
650 0 7 |a dejiny a teória umenia 
650 0 7 |a výtvarné umenie 
650 0 7 |a výtvarníci slovenskí 
650 0 7 |a 19. storočie 
650 0 7 |a Martin Benka 
996 |b 284AU07643  |c A* 10892/U  |l AAKNST  |s P  |a 0  |w 0066365_0001